Statistics for Good Girls - 5 Seconds of Summer (All Lyrics)

Click here to take the quiz!

General Stats

  • This quiz has been taken 504 times
  • The average score is 302 of 334

Answer Stats

Good Girls% Correct
a
100%
A
100%
girl
100%
good
100%
Good
100%
she
99%
She
99%
girls
98%
I
98%
Bridge | Verse 1 | Verse 2She's
98%
she's
98%
bad
97%
he
97%
that
97%
are
96%
be
96%
for
96%
what
96%
been
95%
Pre-ChorusCause
95%
haven't
95%
her
95%
me
95%
to
95%
you
95%
caught
94%
Daddy's
94%
in
93%
at
92%
At
92%
Forget
92%
forget
92%
said
92%
the
92%
French
91%
speak
91%
boyfriend
90%
can
90%
favourite
90%
then
90%
and
89%
but
89%
But
89%
it
89%
room
89%
She'll
89%
she'll
89%
fluent
88%
school
88%
think
88%
with
88%
make
87%
just
86%
thought
86%
out
85%
That's
85%
that's
85%
night
84%
knows
83%
So
83%
window
83%
around
82%
every
82%
hard
82%
Harvard
82%
saw
82%
sneaks
82%
turn
82%
never
81%
parents
81%
student
81%
told
81%
assume
78%
least
78%
meet
78%
straight
78%
studies
78%
time
78%
library
76%
say
73%
where
73%
Here's
72%
self
72%
into
71%
look
71%
find
70%
if
70%
improvement
70%
of
70%
really
70%
all
69%
them
69%
back
67%
ask
65%
not
65%
lives
64%
swear
63%
you'll
63%
books
62%
nobody
62%
reading
62%
there
62%
He's
60%
truant
60%
saved
59%
looks
58%
clever
54%
may
53%
hasn't
52%
won't
48%
acts
46%
square
44%
too
31%

Score Distribution

Percentile by Number Answered

Percent of People with Each Score

Your Score History

You have not taken this quiz